| 000 | 00845nam a2200253Ia 4500 | ||
|---|---|---|---|
| 003 | GCL | ||
| 008 | 140319s9999 xx 000 0 ara d | ||
| 040 |
_aGCL / _cGCL |
||
| 082 | 0 | 4 |
_a956.5 _bر ت |
| 100 | 1 | _aرفعت الاسد | |
| 245 | 1 | 0 |
_aالتطور الاقتصادى والاجتماعى والسياسى فى القطر العربى السورى 1946 - 1963ج1 / _cرفعت الاسد |
| 260 |
_a[S.N] : _bدار مبك للنشر ، _c1989 |
||
| 300 | _aمتعدد | ||
| 490 | _a | ||
| 650 | 0 | 4 | _aالعصر الحديث |
| 650 | 0 | 4 | _aتاريخ |
| 650 | 0 | 4 | _aالاحوال الاجتماعية |
| 650 | 0 | 4 | _aالاحوال السياسية |
| 650 | 0 | 4 | _aسوريا |
| 650 | 0 | 4 | _aالاحوال الاقتصادية |
| 650 | 0 | 4 | _aحافظ الاسد |
| 650 | 0 | 4 | _aحكم حزب البعث (1963م) |
| 942 |
_2ddc _cBK |
||
| 999 |
_c35408 _d35408 |
||